000 00472nam a2200181Ia 4500
001 4554
005 20260306145804.0
008 260306t1998||||xx |||||||||||||| ||spa||
041 _aESP
082 _a324.63
_bI59D
100 _aInstituto Interamericano de Derechos Humanos
_eAUT
245 0 _aSeminario sobre elecciones y derechos humanos en Cuba y América Latina
260 _c1998
300 _a
_c
650 _aGEN
654 _aCDE
942 _cLIB
_dJUS
_fJUS
_2ddc
_n
999 _c4554
_d4554